Clubs d'Arkema Première Ligue (2025-2026) - Statistiques

Statistiques générales
  • Ce quiz a été pris 30 fois
  • Le résultat moyen est 9 sur 12
Statistiques - réponses
Première Ligue % Correct
OL Lyonnes
100%
Paris Saint-Germain
100%
Montpellier HSC
93%
AS Saint-Étienne
89%
Paris FC
86%
Olympique de Marseille
79%
FC Nantes
75%
RC Strasbourg
71%
Dijon FCO
68%
Le Havre
61%
FC Fleury 91
54%
Stade de Reims
50%
Aucun quiz correspondant
Distribution des résultats
% des personnes avec chaque résultat
Percentile par nombre de réponses
Votre historique - résultats
Vous n’avez pas pris ce quiz